Pejuang terbilang Johor

Bibliographic Details
Corporate Author: Yayasan Warisan Johor
Other Authors: Abu Bakar Hamid, Md.Ismail Zamzam
Format: Book
Published: Johor : Yayasan Warisan Johor , 2002
Subjects:

MARC

LEADER 00000cam a2200000 7i4500
001 0000020262
005 20080624.0
008 080624
020 |a 9832440033 
090 0 0 |a 920.0595119   |b PEJ 
245 1 0 |a Pejuang terbilang Johor   |c editor by Abu Bakar Hamid,Md Ismail Zamzam 
260 |a Johor :   |b Yayasan Warisan Johor ,   |c 2002 
650 0 |a Johor   |x biography 
650 0 |a Johor   |x history 
700 1 |a Abu Bakar Hamid 
700 1 |a Md.Ismail Zamzam 
710 1 |a Yayasan Warisan Johor 
999 |a 0000886708   |b Book   |c REFERENCE   |e Cawangan Tangkak 
999 |a 0000886712   |b Book   |c REFERENCE   |e Cawangan Segamat 
999 |a 0000886713   |b Book   |c REFERENCE   |e Cawangan Tmn. Ungku Tun Aminah 
999 |a 0000886717   |b Book   |c Adult Collection   |e Cawangan Kota Tinggi 
999 |a 0001027001   |b Book   |c REFERENCE   |e Perbadanan Perpustakaan Awam Johor 
999 |a 0001027002   |b Book   |c REFERENCE   |e Perbadanan Perpustakaan Awam Johor